Statistics for 道の駅クイズⅠ

Click here to take the quiz!

General Stats

  • This quiz has been taken 7 times
  • The average score is 6 of 15

Answer Stats

説明文回答% Correct
道の駅の登録を行う場所国土交通省
75%
実験段階で用いた県❶山口県
50%
実験段階で用いた県❷岐阜県
50%
東京都の唯一の道の駅八王子滝山
50%
道の駅どうしの概ねの間隔10km
50%
実験段階が始まった年1991年
50%
正式登録が始まった年1993年
50%
47都道府県に設置完了した年2012年
50%
道の駅の三つの機能❶休憩機能
25%
道の駅の三つの機能❷情報発信機能
25%
道の駅の三つの機能❸地域の連携機能
25%
実験段階で用いた県❸栃木県
25%
道の駅の整備法❶一体型
25%
道の駅の整備法❷単独型
25%
道の駅全体を統べる団体全国「道の駅」連絡会
25%

Score Distribution

Percentile by Number Answered

Percent of People with Each Score

Your Score History

You have not taken this quiz